Programme Spatial Apollo - Choix Multiples - Statistiques

Statistiques générales
  • Ce quiz a été pris 16 fois
  • Le résultat moyen est 12 sur 15
Statistiques - réponses
Question Réponse % Correct
Lors de quelle mission les premiers hommes ont-ils marché sur la Lune ? Apollo 11
94%
Quel programme spatial a été mis en place en 2017 pour succéder à Apollo ? Artemis
94%
Quel sport l'astronaute Alan Shepard a t'il pratiqué sur la Lune ? Du golf
94%
Quel véhicule a transporté les astronautes à la surface de la Lune ? Module Lunaire
94%
Quel lanceur super lourd (c'est-à-dire quelle fusée) a été utilisé dans le programme Apollo ? Saturn V
94%
En quelle année eut lieu cet évènement ? 1969
88%
Quel était l'objectif de ce programme spatial ? Faire atterrir des humains sur la Lune
88%
Wernher von Braun était le concepteur en chef de ces lanceurs. Pour quoi d'autre était-il célèbre ? Il dirigea le développement des fusées pour l'Allemagne nazie
88%
En quel année débuta le programme Apollo ? 1961
81%
Quelle mission fut qualifiée d'« échec réussi », connaissant un dénouement heureux malgré l'explosion d'une bonbonne d'oxygène ? Apollo 13
81%
Quel président américain a lancé ce programme spatial ? John F. Kennedy
81%
Quelle photographie représente une fusée du programme Apollo ?
63%
Quel événement s'est produit lors de la mission Apollo I ? L'équipage est mort dans un incendie lors d'une répétition de lancement
63%
Au total, combien de personnes ont marché sur la Lune (jusqu'en 2026) ? 12
56%
Quelle est la durée maximale passée par un équipage à la surface de la Lune (arrondie) ? 3 jours
13%
Aucun quiz correspondant
Distribution des résultats
% des personnes avec chaque résultat
Percentile par nombre de réponses
Votre historique - résultats
Vous n’avez pas pris ce quiz